Catalog

Record Details

Catalog Search



Fides et ratio : encyklika Jana Pavla II. adresovaná biskupům katolické církve o vztazích mezi vírou a rozumem z 14. září 1998. Cover Image Book Book

Fides et ratio : encyklika Jana Pavla II. adresovaná biskupům katolické církve o vztazích mezi vírou a rozumem z 14. září 1998.

Record details

  • ISBN: 80-7113-234-9
  • Physical Description: 106 s.
  • Edition: 1. vyd.
  • Publisher: Praha : Bell, 1999.
Subject: Rozum - filozofie
křesťanství
rozum
Genre: studie

LDR 00992cam a22003017a 4500
00118208
003CZ-PrJAB
00520200311085738.0
008000710s1999 xr ||||| |||||||| ||cze|d
020 . ‡a80-7113-234-9
035 . ‡a(CZ PrSKC)000176490
040 . ‡aBOD031 ‡bcze ‡dBOD114
080 . ‡a23
1102 . ‡aKatolická církev. ‡bPapež (1978-2005 : Jan Pavel II.) ‡7kn20010710508
24010. ‡aFides et ratio. ‡lČesky
24510. ‡aFides et ratio : ‡bencyklika Jana Pavla II. adresovaná biskupům katolické církve o vztazích mezi vírou a rozumem z 14. září 1998.
250 . ‡a1. vyd.
260 . ‡aPraha : ‡bBell, ‡c1999.
300 . ‡a106 s.
65004. ‡aRozum - filozofie
65007. ‡akřesťanství ‡7ph115073 ‡2czenas
65007. ‡arozum ‡7ph198708 ‡2czenas
655 7. ‡astudie ‡7fd133597 ‡2czenas
7000 . ‡aJan Pavel ‡bII., ‡cpapež, ‡d1920-2005 ‡7jn19981001536
910 . ‡aABG312
995 . ‡aska
901 . ‡a18208 ‡bCZ-PrJAB ‡c18208 ‡tbiblio

Additional Resources